Loading...
Principles of marketing /
| Main Author: | |
|---|---|
| Language: | Undetermined |
| Published: |
1957
|
| Edition: | 6th ed. |
| LEADER | 00395nam a2200133Ia 4500 | ||
|---|---|---|---|
| 001 | 105034 | ||
| 008 | 170722s9999 xx 000 0 und d | ||
| 100 | |a Beckman, Theodore N. | ||
| 245 | |a Principles of marketing / | ||
| 250 | |a 6th ed. | ||
| 260 | |c 1957 | ||
| 942 | |c GEN | ||
| 999 | |c 86 |d 86 | ||
| 952 | |0 0 |1 0 |4 0 |6 X_51_73_000000000000000_J7 |7 0 |9 90 |a LIB |b LIB |d 2017-08-12 |o X:51.73 J7 |p 102097 |r 2017-08-12 |w 2017-08-12 |y GEN | ||